Statistiques concernant Taylor Swift - Paroles We Are Never Ever Getting Back Together

Cliquez ici pour prendre le quiz!

Statistiques générales

  • Ce quiz a été pris 135 fois
  • Le résultat moyen est 318 sur 378

Statistiques - réponses

HintRéponse% Correct
We
100%
(We)
100%
we
100%
Bridge | Couplet 1I
99%
"I
99%
a
98%
are
97%
back
97%
getting
97%
never"
97%
"Never
97%
never
97%
never,
97%
to
97%
together,
97%
together
97%
ever
96%
ever,
96%
you"
94%
you,"
94%
you,
94%
you
94%
You
94%
me)
93%
me,
93%
me,"
93%
me
93%
love
90%
say
89%
say,
89%
The
89%
when
89%
When
89%
friends,
88%
time,
88%
up
88%
up,
88%
first
87%
I'm
87%
said
87%
talk
87%
(Talk
87%
And
86%
And,
86%
and
86%
go
86%
remember
86%
"This
86%
This
86%
this
86%
broke
85%
my
85%
together
85%
your
85%
But
84%
but
84%
'Cause,
84%
Post-refrainLike,
84%
like,
84%
(What?)
84%
call
83%
space
83%
in
82%
is
82%
needed
82%
Then
81%
telling
80%
(Ooh)
79%
(Ooh,
79%
Post-refrain | Pré-refrainOoh,
79%
ooh-ooh-
ooh-ooh)
79%
ooh-ooh-
ooh-ooh
79%
ooh-ooh-
ooh-ooh-ooh
79%
(Ooh, ooh-
ooh-ooh-ooh)
79%
enough"
78%
gonna
78%
month
78%
"Trust
78%
"Baby,
77%
each
77%
for
77%
last
77%
other
77%
break
75%
night,
75%
that
75%
change"
74%
it,
74%
it
74%
miss
74%
seen
74%
day?
73%
had
73%
hate
73%
come
72%
again
71%
swear
71%
Oh
68%
Oh,
68%
around
66%
called
66%
he
66%
No,
66%
(No)
66%
lasted
63%
so
63%
were
63%
how
62%
sayin',
62%
much
60%
of
59%
I've
58%
mine
58%
used
58%
still
57%
hadn't
56%
than
56%
cooler
55%
really
55%
tonight,
55%
know?
54%
forever,
53%
picking
51%
exhausting,
49%
off
49%
think
49%
With
48%
(Yeah)
47%
yeah
47%
record
46%
right
45%
calls
44%
indie
44%
he's
43%
some
43%
that's
42%
mean,
41%
screaming
41%
fights
40%
mind
40%
falling
39%
would
34%
just,
32%
peace
31%
away
29%
find
28%
hide
28%
Ugh,
14%

Distribution des résultats

Percentile par nombre de réponses

% des personnes avec chaque résultat

Votre développement - résultats

Vous n’avez pas pris ce quiz